banner koha

Caracterização dos frutos, sementes e germinação de quatro espécies de leguminosas da restinga de Maricá, Rio de Janeiro (Registro n. 328388)

MARC details
000 -LÍDER
fixed length control field 03252nab a2200301 i 4500
003 - CÓDIGO MARC DA AGÊNCIA CATALOGADORA
Campo de controle BR-BrBNA
005 - DATA E HORA DA ÚLTIMA ATUALIZAÇÃO
Campo de controle 20241101180130.0
008 - CAMPO DE TAMANHO FIXO
fixed length control field 241101b2008 bl.qr|pooa||| 00| 0 por |
040 ## - FONTE DA CATALOGAÇÃO
Agência catalogadora BR-BrBNA
Idioma da catalogação por
072 ## - CATEGORIA AGRIS
Código AGRIS F50
072 ## - CATEGORIA AGRIS
Código AGRIS F03
100 ## - ENTRADA PRINCIPAL - NOME PESSOAL
Nome pessoal Gonçalves, Isabele Pagels
100 ## - ENTRADA PRINCIPAL - NOME PESSOAL
Nome pessoal Gama, Michele da Costa
100 ## - ENTRADA PRINCIPAL - NOME PESSOAL
Nome pessoal Correia, Maria Célia Rodrigues
100 ## - ENTRADA PRINCIPAL - NOME PESSOAL
Nome pessoal Lima, Heloísa Alves de
245 ## - TÍTULO PRINCIPAL
Título principal Caracterização dos frutos, sementes e germinação de quatro espécies de leguminosas da restinga de Maricá, Rio de Janeiro
500 ## - NOTA GERAL
Nota geral Publicação on-line; 31 ref.; 10 illus.; Summaries (En, Pt)
942 ## - ADDED ENTRY ELEMENTS (KOHA)
Koha item type Analítica
520 ## - NOTA DE RESUMO
Nota de conteúdo <br/><br/>RESUMO<br/><br/>(Caracterização dos frutos, sementes e germinação de quatro espécies de leguminosas da restinga de Maricá,<br/>Rio de Janeiro) No presente trabalho foi estudada a morfologia dos frutos e das sementes e características de<br/>plântulas de: Canavalia rosea, Ormosia arborea, Pithecellobium tortum e Swartzia apetala var. apetala,<br/>de janeiro de 2004 a outubro de 2006, na restinga de Maricá, Rio de Janeiro. As espécies possuem frutos<br/>deiscentes com dispersão autocórica. As sementes de S. apetala var. apetala sugerem também dispersão<br/>zoocórica pela presença de um arilo. As sementes recém-coletadas apresentam médias altas de germinação:<br/>C. rosea (99%), O. arborea (100%), P. tortum (75%) e S. apetala var. apetala (93%), entretanto, no habitat<br/>natural, só foram encontradas plântulas de C. rosea. A germinação é criptocotiledonar em O. arborea e S.<br/>apetala var. apetala e fanerocotiledonar em C. rosea e P. tortum.<br/><br/>Palavras-chave: Leguminosae, Fabaceae, morfologia, fisiologia de sementes, dispersão de sementes, Canavalia,<br/>Ormosia, Pithecellobium, Swartzia.
520 ## - NOTA DE RESUMO
Nota de conteúdo <br/><br/>ABSTRACT<br/><br/>(Fruit, seed and seedling studies of four species of legume in the restinga of Maricá, Rio de Janeiro) The<br/>morphology of fruits, seeds and seedlings of Canavalia rosea, Ormosia arborea, Pithecellobium tortum<br/>and Swartzia apetala var. apetala in the “restinga” of Maricá, state of Rio de Janeiro was studied between<br/>January 2004 and October 2006. All species present dehiscent fruits and autochorous dispersial, but the<br/>seeds of S. apetala var. apetala also suggest zoochorous dispersial by the presence of an aril. Newly<br/>collected seeds show high germination success: C. rosea (99%), O. arborea (100%), P. tortum (93%) and S.<br/>apetala var. apetala (75%), however, the only seedlings found in the natural habitat were of C. rosea.<br/>Cryptocotylar seedling was recorded for O. arborea and S. apetala var. apetala. while phanerocotylar<br/>seedling was observed in C. rosea and P. tortum.<br/><br/>Key words: Leguminosae, Fabaceae, morphology, seed physiology, seed dispersal. Canavalia, Ormosia,<br/>Pithecellobium, Swartzia.<br/>
650 ## - ASSUNTO - THESAGRO
Cabeçalho tópico ou nome geográfico LEGUMINOSAE
650 ## - ASSUNTO - THESAGRO
Cabeçalho tópico ou nome geográfico MORFOLOGIA VEGETAL
650 ## - ASSUNTO - THESAGRO
Cabeçalho tópico ou nome geográfico FISIOLOGIA
650 ## - ASSUNTO - THESAGRO
Cabeçalho tópico ou nome geográfico SEMENTE
773 0# - ENTRADA ANALÍTICA
Host Biblionumber 709
Registro do item 345890
Imprenta Rio de Janeiro-RJ Jardim Botanico do Rio de Janeiro 1935
Outro identificador 2024-6540
Título Rodriguésia (Brazil)
ISSN 0370-6583; 2175-7860 on-line
Colação v. 59(3) p. 497-512; (2008)
Número de controle de registro BR2024003270
856 ## - ACESSO E ENDEREÇO ELETRÔNICO
Identificador uniforme de recurso - URI https://www.scielo.br/j/rod/a/Nx66Ymjwjcrd5PQsdkxQ9jn/?format=pdf&lang=pt

Nenhum exemplar disponível.

BINAGRI

Telefone: (61)3218-2567/2388/3357/2097 - binagri@agro.gov.br

Ministério da Agricultura e Pecuária , Esplanada dos Ministérios, Bloco D, Anexo B, Brasília/DF, CEP: 70.043-900